01018nam a2200277 a 450000500170000000800410001701000140005802000260007203500130009803700150011104000180012608200110014410000160015524500810017125000400025226000440029227001030033630000300043950400200046961000300048965000260051970000170054594200250056299900170058795201360060420060614174322.0051129s2005 ii ab b 001 0 eng  aENG-92692 a9788175347038c395.00 aEN-76225 bDBAD / PUB adplbEnglish  a345.54 aGaur, K.D.  aTextbook on The Indian Penal Code /cby K.D. Gaur; forewarded by V.N. Khare  a4th thoroughly rev. and updated ed. aDelhi bUniversal Law Publishing c2009 aC-FF-1A, Dilkhush Industrial Estate, (Opp. Hans Cinema, Azadpur) G.T Karnal Road, bDelhi e110033 acxxvi, 935p. c23cm (pbk) aIncludes index. aIndia. Indian Penal Code  aCriminal lawsxIndia  aKhare, V.N.  2ddccENmGAUh345.54 c22619d22619 00102ddc40718NFICaDBADbDBADd2009-01-30eDBAD / PUBg395.00l0oGAUpEN-76225r2009-01-30 00:00:00t1v395.00w2009-01-30yEN